Engineering and industrial graphics handbook / (Record no. 5898)

MARC details
000 -LEADER
fixed length control field 00737nam a22002415a 4500
008 - FIXED-LENGTH DATA ELEMENTS--GENERAL INFORMATION
fixed length control field 150817t1982 n ad f |||| 001 0 eng d
010 ## - LIBRARY OF CONGRESS CONTROL NUMBER
LC control number 81012399
020 ## - INTERNATIONAL STANDARD BOOK NUMBER
International Standard Book Number 0070540802 :
040 ## - CATALOGING SOURCE
Original cataloging agency EG-ScBUE
Language of cataloging eng
Transcribing agency EG-ScBUE
082 04 - DEWEY DECIMAL CLASSIFICATION NUMBER
Classification number 604.2
Item number ROW
Edition number 22
100 1# - MAIN ENTRY--PERSONAL NAME
Personal name
245 10 - TITLE STATEMENT
Title Engineering and industrial graphics handbook /
Statement of responsibility, etc George E. Rowbotham.
260 ## - PUBLICATION, DISTRIBUTION, ETC. (IMPRINT)
Place of publication, distribution, etc New York :
Name of publisher, distributor, etc McGraw-Hill,
Date of publication, distribution, etc c.1982.
300 ## - PHYSICAL DESCRIPTION
Extent (various pagings.) :
Other physical details ill. ;
Dimensions 29 cm.
500 ## - GENERAL NOTE
General note Includes indexes.
590 ## - LOCAL NOTE (RLIN)
Local note doha
650 #0 - SUBJECT ADDED ENTRY--TOPICAL TERM
Topical term or geographic name as entry element Engineering graphics
General subdivision Handbooks, manuals, etc.
Source of heading or term BUEsh
651 ## - SUBJECT ADDED ENTRY--GEOGRAPHIC NAME
Source of heading or term BUEsh
653 ## - INDEX TERM--UNCONTROLLED
Resource For college Engineering, General
Arrived date list August2015
655 ## - INDEX TERM--GENRE/FORM
Form subdivision
-- 33728
700 1# - ADDED ENTRY--PERSONAL NAME
Personal name Rowbotham, George E.
Relator term editor
942 ## - ADDED ENTRY ELEMENTS (KOHA)
Item type NB - Book (Non borrowing)
Call number prefix 604.2ROW
Source of classification or shelving scheme Dewey Decimal Classification
Holdings
Withdrawn status Item status Source of classification or shelving scheme Damaged status Not for loan Vendor Home library Current library Shelving location Date acquired Source of acquisition Serial Enumeration / chronology Total Checkouts Full call number Barcode Date last seen Koha item type Cost, normal purchase price
    Dewey Decimal Classification       Central Library Central Library First floor 08/11/2007       604.2ROW 000007007 15/07/2025 NB - Book (Non borrowing)  
    Dewey Decimal Classification     Alahram Central Library Central Library First floor 30/06/2009   72   604.2 ENG 000016710 15/07/2025 Book - Borrowing 749.40